Billie Eilish - Therefore I Am Lyrics - Statistics

General Stats
  • This quiz has been taken 143 times
  • The average score is 255 of 300
Answer Stats
Answer % Correct
a
100%
am
100%
I
100%
man
100%
that
100%
the
100%
therefore
100%
think
100%
You
100%
you
100%
your
100%
Your
100%
you're
100%
an
99%
anything
99%
friend
99%
not
99%
or
99%
I'm
97%
damn
96%
are
93%
my
90%
name
88%
what
85%
hell
84%
mouth
84%
about?
82%
pretty
82%
talk
82%
talking
81%
Ha
79%
Stop
79%
but
78%
Don't
78%
don't
78%
Get
78%
same
76%
just
74%
So
74%
so
74%
to
74%
with
74%
be
72%
of
72%
real
72%
And
71%
could
71%
have
71%
know
71%
We
71%
without
71%
care
68%
couldn't
66%
fun
66%
fun?
66%
give
66%
less
66%
me
66%
outta
66%
best
65%
When
65%
world
65%
go
63%
really
63%
isn't
60%
Articles
59%
articles
59%
Top
57%
can
56%
ideal
56%
Interviews
56%
interviews
56%
Did
54%
how
54%
like
54%
sorry
54%
They
54%
they
54%
'cause
53%
(got
53%
want
53%
'bout
51%
'em
51%
feel
51%
press
51%
hate
50%
on
50%
mine
49%
say
49%
Wanna
49%
call
47%
caught
47%
next
47%
We're
47%
different
46%
act
44%
bluff
44%
put
44%
remain
44%
confused
43%
enough
43%
lotta)
43%
might
43%
nice
43%
unremarkable
43%
find
41%
world's
41%
lines
40%
Rather
35%
No matching quizzes found
Score Distribution
Percent of People with Each Score
Percentile by Number Answered
Your Score History
You have not taken this quiz